Normal view
MARC view
- ديورانت، ول وايريل؛ ترجمة محمد بدران
Entry Personal Name
001 - CONTROL NUMBER
- control field: 60430
003 - CONTROL NUMBER IDENTIFIER
- control field: JO-AjAnu
005 - DATE AND TIME OF LATEST TRANSACTION
- control field: 20230606083858.0
008 - FIXED-LENGTH DATA ELEMENTS
- fixed length control field: 230606|| aca||aabn | a|a d
040 ## - CATALOGING SOURCE
- Original cataloging agency: JO-AjAnu
- Transcribing agency: JO-AjAnu
100 ## - HEADING--PERSONAL NAME
- Personal name: ديورانت، ول وايريل؛ ترجمة محمد بدران
670 ## - SOURCE DATA FOUND
- Source citation: Work cat.: (JO-AjAnu)30817: ديورانت، ول وايريل؛ ترجمة محمد بدران, author, قصة الحضارة: النهضة وهو يروي تاريخ الحضارة في ايطاليا من مولد بترارك كتى ممات تيشيان من 1304 الى 1576 والاصلاح الديني، ج 21-22،مجلد 5، الجزء الرابع، المجلد السادس، الجزء الاول